Stanoviště. Na stráži /
Známý spisovatel předkládá ve své apokalyptické sci-fi katastrofický obraz Ruska, jež se ocitlo po brutální a kruté občanské válce na pokraji zániku.
Uloženo v:
| Série: | Stanoviště,
část 1 |
|---|---|
| Hlavní autor: | |
| Další autoři: | |
| Médium: | E-kniha |
| Jazyk: | Czech |
| Vydáno: |
Praha :
Euromedia Group,
2023
|
| Vydání: | Vydání první |
| Témata: | |
| Příbuzné jednotky: | Z cyklu::
Stanoviště |
| Tagy: |
Žádné tagy |
| LEADER | 02535nam a2200481 i 4500 | ||
|---|---|---|---|
| 001 | 311854 | ||
| 003 | CZ PrSKC | ||
| 005 | 20260601215713.0 | ||
| 007 | ta | ||
| 008 | 230302s2023 xr g 000 f cze | ||
| 015 | |a cnb003465432 | ||
| 020 | |a 9788024286068 |q (vázáno) | ||
| 035 | |a (OCoLC)1378695297 | ||
| 040 | |a ABG001 |b cze |e rda | ||
| 041 | 1 | |a cze |h rus | |
| 072 | 7 | |a 821.161.1 |x Ruská literatura, rusky psaná |2 Konspekt | |
| 080 | |a 821.161.1-31 |2 MRF | ||
| 080 | |a (0:82-311.9) |2 MRF | ||
| 100 | 1 | |a Gluchovskij, Dmitrij Aleksejevič, |d 1979- |7 xx0116739 |4 aut | |
| 240 | 1 | 0 | |a Post. |l Česky |
| 245 | 1 | 0 | |a Stanoviště. |p Na stráži / |c Dmitry Glukhovsky ; z ruského originálu Post ... přeložil Rudolf Řežábek |
| 246 | 3 | 0 | |a Na stráži |
| 250 | |a Vydání první | ||
| 264 | 1 | |a Praha : |b Euromedia Group, |c 2023 | |
| 300 | |a 286 stran ; |c 24 cm | ||
| 336 | |a text |b txt |2 rdacontent | ||
| 337 | |a bez média |b n |2 rdamedia | ||
| 338 | |a svazek |b nc |2 rdacarrier | ||
| 500 | |a "Vydala Euromedia Group, a.s. - v edici Laser"--Tiráž | ||
| 520 | 2 | |a Známý spisovatel předkládá ve své apokalyptické sci-fi katastrofický obraz Ruska, jež se ocitlo po brutální a kruté občanské válce na pokraji zániku. |b Rusko v blízké budoucnosti. Po válce jsou celé oblasti zamořené a řeky otrávené. Jednotlivá města nemají téměř žádný kontakt s vládou v Moskvě. Mladý Jegor pobývá na základně v Jaroslavli už několik let. Jeho nevlastní otec Polkan mu ztěžuje život a krásná Michelle o něj nemá zájem. Jegor sní o světě za železničním mostem, na druhé straně řeky. Po tomto mostě však nikdo nepřešel desítky let. Až do dnešního dne... Nakladatelská anotace. | |
| 655 | 7 | |a ruské romány |7 fd133320 |2 czenas | |
| 655 | 7 | |a vědecko-fantastické romány |7 fd133847 |2 czenas | |
| 655 | 9 | |a Russian fiction |2 eczenas | |
| 655 | 9 | |a science fiction novels |2 eczenas | |
| 700 | 1 | |a Řežábek, Rudolf, |d 1944- |7 ola2003198081 |4 trl | |
| 787 | 0 | 8 | |i Z cyklu: |t Stanoviště |g 1 |
| 900 | |a ABA001 |b 20 | ||
| 928 | 9 | |a Euromedia Group - Laser | |
| 928 | 9 | |a Laser | |
| 044 | |a xr | ||
| 910 | |a RBIT002 | ||
| 998 | |d 368360 |a https://core.palmknihy.cz/api/books/368360/cover?rs6a5q |b https://core.palmknihy.cz/api/books/368360/cover/400?rs6a5q |c https://core.palmknihy.cz/api/books/368360/cover/50?rs6a5q |e 2027-02-09 |g 288 |i 9788024286068 |j https://core.palmknihy.cz/api/books/368360/preview.epub |l |q 49 |r 1 |s https://www.palmknihy.cz/kniha/368360 |t ebook |y 2023 |z 0 |v Stanoviště |w 1 | ||
| 999 | |d 311852 | ||